000
00278nam a22001217a 4500
008
171215b xxu||||| |||| 00| 0 eng d
041
_a
eng
080
_a
82
100
_a
21
101
_a
ghu
245
_a
THE LAND AND LITERATURE OF ENGLAND
_c
ADAMS.R.M
942
_2
udc
_c
BK
999
_c
39015
_d
39015